[Event "Durres op"]
[Site "Durres"]
[Date "2014.11.02"]
[Round "2"]
[White "Bedalli, Erind"]
[Black "Dervishi, Erald"]
[Result "0-1"]
[WhiteElo "2060"]
[BlackElo "2568"]
[PlyCount "132"]
[EventDate "2014.11.01"]
[EventType "swiss"]
[EventRounds "9"]
[EventCountry "ALB"]
[SourceTitle "EXT 2015"]
[Source "ChessBase"]
[SourceDate "2014.11.20"]
[SourceVersion "1"]
[SourceVersionDate "2014.11.20"]
[SourceQuality "1"]

1. e4 e5 2. Nf3 Nc6 3. d4 exd4 4. Nxd4 Nf6 5. Nc3 Bb4 6. Nxc6 bxc6 7. Bd3 d5 8. exd5 cxd5 9. 0-0 0-0 10. Bg5 c6 11. Ne2 Bd6 12. Ng3 h6 13. Bxf6 Qxf6 14. b3 a5 15. c4 Rd8 16. cxd5 cxd5 17. Qd2 Bf4 18. Qe2 g6 19. Qf3 Qg5 20. Ne2 Be5 21. Rad1 Bg4 22. Qe3 Qxe3 23. fxe3 Rac8 24. Rd2 Bd6 25. h3 Bb4 26. Rdd1 Bd7 27. Nd4 Re8 28. Rf3 a4 29. Rdf1 Re7 30. g4 Bd2 31. Kf2 Rce8 32. Nc2 Rc8 33. Ke2 Bc3 34. b4 a3 35. b5 Be8 36. Nxa3 Bb2 37. Nc2 Bxb5 38. Bxb5 Rxc2+ 39. Kd1 Rc3 40. Kd2 Rec7 41. Bd3 Bc1+ 42. Ke2 Ra7 43. a4 Rxa4 44. Rd1 Ra2+ 45. Kf1 Rh2 46. Kg1 Rd2 47. Rxd2 Bxd2 48. e4 d4 49. Kf1 Be3 50. Ke2 Kg7 51. Rf1 Bc1 52. Rf3 f6 53. h4 Rc5 54. Kd1 Be3 55. Bc2 h5 56. Rg3 Bf2 57. Rg2 Bxh4 58. gxh5 Rxh5 59. Ke2 Bg5 60. Kd3 Be3 61. Kc4 Re5 62. Kd3 Rc5 63. Bd1 Rc3+ 64. Ke2 Bf4 65. Rg4 g5 66. Kf2 Kf7 0-1

[Event "Durres op"]
[Site "Durres"]
[Date "2014.11.02"]
[Round "3"]
[White "Dervishi, Erald"]
[Black "Kiroski, Toni"]
[Result "1/2-1/2"]
[WhiteElo "2568"]
[BlackElo "2320"]
[PlyCount "106"]
[EventDate "2014.11.01"]
[EventType "swiss"]
[EventRounds "9"]
[EventCountry "ALB"]
[SourceTitle "EXT 2015"]
[Source "ChessBase"]
[SourceDate "2014.11.20"]
[SourceVersion "1"]
[SourceVersionDate "2014.11.20"]
[SourceQuality "1"]

1. e4 c5 2. Nf3 Nc6 3. d4 cxd4 4. Nxd4 g6 5. Nc3 Bg7 6. Be3 Nf6 7. Bc4 0-0 8. Bb3 a5 9. f3 d5 10. exd5 Nb4 11. Nde2 a4 12. Nxa4 Nfxd5 13. Bd4 Bxd4 14. Qxd4 Bf5 15. Qd2 Bxc2 16. Bxd5 Rxa4 17. Nc3 Ra5 18. 0-0 Nxd5 19. Nxd5 Rxd5 20. Qxc2 Rd2 21. Qc5 Rxb2 22. Rf2 Rxf2 23. Qxf2 Qd5 24. Rc1 Ra8 25. Qb2 f6 26. Rc2 Rd8 27. h3 Kf7 28. Kh1 Qd1+ 29. Kh2 Qd6+ 30. Kh1 Qd1+ 31. Kh2 Qd6+ 32. Kh1 Qf4 33. Qb3+ Kf8 34. Rc4 Qg3 35. Qc2 Qe1+ 36. Kh2 Qe5+ 37. f4 Qd6 38. Qb3 Qd5 39. Rc8 Kg7 40. Rxd8 Qxd8 41. Qxb7 Qd6 42. g3 h5 43. h4 Qa3 44. Qb3 Qa6 45. Qc2 Qa3 46. Kg2 Qa8+ 47. Kf2 Qa7+ 48. Kf3 Qa8+ 49. Ke3 Qa7+ 50. Kf3 Qa8+ 51. Kf2 Qa7+ 52. Kg2 Qa8+ 53. Kf2 Qa3 1/2-1/2

[Event "BL2-West 1415"]
[Site "Germany"]
[Date "2014.10.19"]
[Round "2.1"]
[White "Zaitsev, Mikhail"]
[Black "Dervishi, Erald"]
[Result "1/2-1/2"]
[WhiteElo "2485"]
[BlackElo "2581"]
[PlyCount "73"]
[EventDate "2014.09.21"]
[EventType "team-tourn"]
[EventRounds "9"]
[EventCountry "GER"]
[SourceTitle "CBM 166 Extra"]
[Source "ChessBase"]
[SourceDate "2015.06.18"]
[SourceVersion "1"]
[SourceVersionDate "2015.06.18"]
[SourceQuality "1"]
[WhiteTeam "Bochum SG"]
[BlackTeam "Godesberg"]
[WhiteTeamCountry "GER"]
[BlackTeamCountry "GER"]

1. e4 e5 2. Nf3 Nc6 3. Nc3 Nf6 4. Bb5 Nd4 5. Nxd4 exd4 6. e5 dxc3 7. exf6 Qxf6 8. dxc3 c6 9. Qe2+ Qe7 10. Bd3 Qxe2+ 11. Kxe2 d5 12. c4 d4 13. Bf4 Be6 14. a3 0-0-0 15. Kd2 Bd6 16. Bxd6 Rxd6 17. h4 Kc7 18. Rae1 h6 19. Re5 Bd7 20. f4 Re6 21. Rhe1 Rhe8 22. Rxe6 Rxe6 23. Rxe6 Bxe6 24. c5 b6 25. b4 a5 26. g3 axb4 27. axb4 bxc5 28. bxc5 f6 29. Be4 Bc4 30. c3 dxc3+ 31. Kxc3 Be6 32. Bf3 Kd7 33. Kd4 Ba2 34. Bg4+ Ke7 35. Bf3 Kd7 36. Bg4+ Ke7 37. Bf3 1/2-1/2